[Event "Mecklenburg VP LL2 West 1213"]
[Site "Mecklenburg VP"]
[Date "2013.01.13"]
[Round "5.8"]
[White "Trilling, Uwe"]
[Black "Knoop, Sascha"]
[Result "0-1"]
[WhiteElo "1260"]
[BlackElo "1472"]
[PlyCount "87"]
[EventDate "2012.10.14"]
[EventType "team-tourn"]
[EventRounds "9"]
[EventCountry "GER"]
[SourceTitle "EXT 2022"]
[Source "ChessBase"]
[SourceDate "2021.10.06"]
[SourceVersion "1"]
[SourceVersionDate "2021.10.06"]
[SourceQuality "1"]
[WhiteTeam "Parchim SV Blau-Weiss 69"]
[BlackTeam "Mecklenburger Springer SC"]
[WhiteTeamCountry "GER"]
[BlackTeamCountry "GER"]

1. c4 Nf6 2. Nc3 e6 3. g3 d5 4. cxd5 exd5 5. d4 c6 6. Bg2 Bf5 7. Nf3 h6 8. 0-0 Bd6 9. Ne5 0-0 10. Re1 Re8 11. Bf4 g5 12. Be3 Bxe5 13. dxe5 Rxe5 14. Bd4 Re6 15. Qd2 Nbd7 16. b4 Nb6 17. Bxb6 axb6 18. a4 Ne4 19. Qd3 Qf6 20. Nxe4 Bxe4 21. Qd2 Bxg2 22. Kxg2 Re4 23. e3 g4 24. Kg1 h5 25. Rf1 Kg7 26. a5 b5 27. Rab1 h4 28. Qb2 Qxb2 29. Rxb2 hxg3 30. hxg3 Kf6 31. Rb3 Rc4 32. f3 gxf3 33. Rxf3+ Ke6 34. Kg2 c5 35. bxc5 Rxa5 36. Rf4 Rxc5 37. e4 d4 38. Kh3 Rc3 39. Rb4 Rc4 40. Rb3 b4 41. Kg4 Ra3 42. Rff3 Rxb3 43. Rxb3 Ke5 44. Kf3 0-1